000 00611nam a2200241Ia 4500
003 OSt
005 20230623094745.0
008 210423s2013 xx 000 0 und d
020 _a978-93-325-1901-5
040 _cAL
041 _aeng
082 _a541.3
_223
_bENGP
100 _aENGEL (Thomas);REID (Philip)
_9114319
245 _aPhysical chemistry Ed 3
250 _a3
260 _aNew Delhi
_bPearson
_c2013
300 _aiii,1040
_bPB
365 _b1050
_cINR
650 _aChemistry
_9114320
650 _aPhysical Chemistry
_9114321
906 _achemistry ; Ed ; Physical
942 _2ddc
_cBK
999 _c167426
_d167426